| 000 | 01380cam a2200337 i 4500 | ||
|---|---|---|---|
| 999 |
_c200452604 _d70816 |
||
| 001 | 200452604 | ||
| 003 | TR-AnTOB | ||
| 005 | 20230321161430.0 | ||
| 007 | ta | ||
| 008 | 750520s1974 fr b 100 0 fre | ||
| 020 | _a9264212051 | ||
| 040 |
_aDLC _beng _erda _cDLC _dOCL _dUtOrBLW _dTR-AnTOB |
||
| 041 | 0 | _afre | |
| 050 | 0 | 4 |
_aHD6961 _b.P762 1974 |
| 090 |
_aHD6961 _b.P762 1974 |
||
| 245 | 0 | 0 |
_aPerspectives de la coopération employeurs/travailleurs dans l'entreprise : _bséminaire régional mixte, Paris, 24-27 octobre 1972 : rapport final. |
| 264 | 1 |
_aParis : _bOrganisation de cooperation et de developpement economiques, _c1974. |
|
| 300 |
_a310 pages ; _c27 cm |
||
| 336 |
_atext _btxt _2rdacontent |
||
| 337 |
_aunmediated _bn _2rdamedia |
||
| 338 |
_avolume _bnc _2rdacarrier |
||
| 490 | 0 |
_aSéminaires .ınternationaux ; _v1972-2 |
|
| 500 | _a"Organized under the OECD Labour/Management Programme in co-operation with the Trade Union Advisory Committee and the Business and Industry Advisory Committee." | ||
| 504 | _aBIB | ||
| 650 | 0 |
_aIndustrial relations _vCongresses _9135758 |
|
| 710 | 2 |
_aOrganisation for Economic Co-operation and Development. _bTrade Union Advisory Committee _9140292 |
|
| 775 |
_tProspects for labour-management co-operation in the enterprise _w(TR-AnTOB)200441154 |
||
| 942 |
_2lcc _cBK |
||